书目信息 |
| 题名: |
化工原理
|
|
| 作者: | 窦梅 , 谭天恩 编著 | |
| 分册: | 下册 | |
| 出版信息: | 北京 化学工业出版社 2013 |
|
| 页数: | 264页 | |
| 开本: | 26cm | |
| 丛书名: | ||
| 单 册: | ||
| 中图分类: | TQ02 | |
| 科图分类: | ||
| 主题词: | 化工原理--高等教育--教材 , 化工原理 | |
| 电子资源: | ||
| ISBN: | 978-7-122-16906-8 | |
| 000 | 00876nam0 2200265 450 | |
| 001 | 139253 | |
| 005 | 20140911105842.84 | |
| 010 | @a978-7-122-16906-8@dCNY 31.00 | |
| 100 | @a20130805d2013 em y0chiy50 ea | |
| 101 | 0 | @achi |
| 102 | @aCN@b110000 | |
| 105 | @ay z 000yy | |
| 200 | 1 | @a化工原理@Ahua gong yuan li@h下册@b专著@f谭天恩,窦梅等编著 |
| 205 | @a4版 | |
| 210 | @a北京@c化学工业出版社@d2013 | |
| 215 | @a264页@d26cm | |
| 300 | @a普通高等教育“十一五”国家级规划教材 | |
| 330 | @a全书分上、下册,论述化工过程单元操作的基本原理、典型设备等。本册为下册,包括:传质过程导论、吸收、蒸馏、气液传质设备、萃取、干燥、其他传质分离过程等。 | |
| 606 | 0 | @a化工原理@x高等教育@j教材 |
| 606 | 0 | @a化工原理 |
| 690 | @aTQ02@v5 | |
| 701 | 0 | @a窦梅@Adou mei@c(化工)@4编著 |
| 701 | 0 | @a谭天恩@Atan tian en@4编著 |
| 801 | 0 | @c20140911 |
| 905 | @a241430@dTQ02@eT121:2=4 | |
| 化工原理.下册/谭天恩,窦梅等编著.-4版.-北京:化学工业出版社,2013 |
| 264页;26cm |
| 普通高等教育“十一五”国家级规划教材 |
| ISBN 978-7-122-16906-8:CNY 31.00 |
| 全书分上、下册,论述化工过程单元操作的基本原理、典型设备等。本册为下册,包括:传质过程导论、吸收、蒸馏、气液传质设备、萃取、干燥、其他传质分离过程等。 |
| ● |
| 相关链接 |
|
|
|
正题名:化工原理
索取号:TQ02/T121:2=4
 
预约/预借
| 序号 | 登录号 | 条形码 | 馆藏地/架位号 | 状态 | 备注 |
| 1 | 0829919 | 208299198 | 期刊室512/501自科库 137排6列2层/ [索取号:TQ02/T121:2=4] | 在馆 | |
| 2 | 0829920 | 208299205 | 期刊室512/501自科库 137排6列2层/ [索取号:TQ02/T121:2=4] | 在馆 | |
| 3 | 0829921 | 208299214 | 自科库501/501自科库 137排6列2层/ [索取号:TQ02/T121:2=4] | 在馆 |